000 00462nam a2200169 i 4500
001 81097
003 ES-MaACL
005 20230906174353.0
007 t|
008 041103s1981 sp ||||1| spa d
100 1 _aHoyo, Arturo del,
_d1917-2004
_964424
245 1 3 _aEl lobo y otros cuentos /
_cArturo del Hoyo.
260 _aMadrid :
_bAguilar,
_c1981.
300 _a121 p. ;
_c19 cm.
852 _aES-MaACL
_jL-1279
_bR.102088
999 _c81097
_d81097